banner-ar

دراسات فى جغرافيا الجزر بانواعها و احواضها البحرية : (Record no. 63085)

MARC details
000 -الفاتح
حقل البيانات ثابتة الطول 01521nam a22003017a 4500
005 - وقت وتاريخ اخر تعامل مع التسجيلة
رقم الضبط 20240530110622.0
008 - عناصر البيانات ثابتة الطول - معلومات عامة
حقل البيانات ثابتة الطول 161226s2015 ua abk g 000 0 ara d
017 ## - رقم الايداع القانونى
رقم الايداع القانونى 2014/25718 ( ج 1 )
المصدر ( الهيئة المختصة) مصر. دار الكتب
017 ## - رقم الايداع القانونى
رقم الايداع القانونى 2014/25719 ( ج 2 )
المصدر ( الهيئة المختصة) مصر. دار الكتب
020 ## - الرقم الدولى المعيارى للكتب
الرقم الدولى المعيارى للكتاب 97889774115482 ( ج 1 )
020 ## - الرقم الدولى المعيارى للكتب
الرقم الدولى المعيارى للكتاب 9789774115511 ( ج 2 )
040 ## - مصدر الفهرسة
وكالة الفهرسة الأصلية EG-CaGPL
وكالة النسخ EG-CaGPL
082 04 - رقم تصنيف ديوى العشرى
رقم الطبعة 21
رقم التصنيف 910.02142\
رقم المادة م د
100 0# - المدخل الرئيسى - إسم شخصى
الإسم الشخصى محمد ابراهيم حسن
245 10 - بيان العنوان
العنوان دراسات فى جغرافيا الجزر بانواعها و احواضها البحرية :
بقية العنوان تحليل اقليمى مقارن /
بيان المسئوليه,etc محمد ابراهيم حسن ؛ اشراف على اعداده و قدم له السيد على شتا
250 ## - بيان الطبعة
بيان الطبعة ط. 1
260 ## - PUBLICATION, DISTRIBUTION, ETC. (IMPRINT)
تاريخ النشر أو التوزيع 2015.
300 ## - الوصف المادى
التعداد 2 جزء :
تفاصيل ماديه اخرى للوعاء ايض ؛
أبعاد الوعاء 24 سم.
500 0# - تبصرة عامة
تبصرة عامة الجزء الاول . جزر اورسيا و افريقيا -- الجزء الثانى . جزر استراليشيا و الامريكتين .
650 ## - المدخل الاضافى بالموضوع-مصطلح موضوعى
مصدر الرأس أو المصطلح qrmak
651 07 - المدخل الاضافى بالموضوع - اسم جغرافى
مصدر الرأس أو المصطلح qrmak
الاسم الجغرافي اوراسيا
التقسيم الفرعي العام الجغرافيا الطبيعة
651 07 - المدخل الاضافى بالموضوع - اسم جغرافى
مصدر الرأس أو المصطلح qrmak
الاسم الجغرافي افريقيا
التقسيم الفرعي العام الجغرافيا الطبيعة
651 07 - المدخل الاضافى بالموضوع - اسم جغرافى
مصدر الرأس أو المصطلح qrmak
الاسم الجغرافي استراليشيا
التقسيم الفرعي العام الجغرافيا الطبيعة
651 07 - المدخل الاضافى بالموضوع - اسم جغرافى
مصدر الرأس أو المصطلح qrmak
الاسم الجغرافي الامريكتين
التقسيم الفرعي العام الجغرافيا الطبيعة
653 04 - مصطلح تكشيفى غير مقيد
مصطلح غير مقيد الجزر - الجغرافيا الطبيعة
942 ## - عناصر المدخل الإضافي( كوها)
مصدر التصنيف او مخطط الترفيف Dewey Decimal Classification
Koha [default] item type كتاب
260 ## - PUBLICATION, DISTRIBUTION, ETC. (IMPRINT)
-- القاهرة :
-- المكتبة المصرية للنشر و التوزيع ،
Holdings
حالة التراجع حالة الفقد حالة تلف ليس للاعارة المكان المؤقت الموقع الحالى موقع الترفيف تاريخ الاكتساب اجمالي اﻻعارات رقم الطلب الباركود تاريخ اخر مشاهدة تاريخ تفعيل السعر نوع وعاء كوها
        مكتبة القاهرة الكبرى مكتبة القاهرة الكبرى القاعة الرئيسية 12/26/2016   910.02142\ م د 163039 12/26/2016 12/26/2016 كتاب
        مكتبة القاهرة الكبرى مكتبة القاهرة الكبرى القاعة الرئيسية 12/26/2016   910.02142\ م د 163040 12/26/2016 12/26/2016 كتاب

Powered By

EGPV